Things fall apart/ (Record no. 11322)

MARC details
000 -LEADER
fixed length control field 00460nam a22001817a 4500
005 - DATE AND TIME OF LATEST TRANSACTION
control field 20221012122223.0
008 - FIXED-LENGTH DATA ELEMENTS--GENERAL INFORMATION
fixed length control field 220606b ||||| |||| 00| 0 eng d
020 ## - INTERNATIONAL STANDARD BOOK NUMBER
International Standard Book Number 9780141023380
040 ## - CATALOGING SOURCE
Original cataloging agency IN-DiNC
Transcribing agency IN-DiNC
041 ## - LANGUAGE CODE
Language code of sung or spoken text English
082 ## - DEWEY DECIMAL CLASSIFICATION NUMBER
Classification number 823
Item number ACH
100 ## - MAIN ENTRY--PERSONAL NAME
Personal name Achebe, Chunua
Relator term Author
245 ## - TITLE STATEMENT
Title Things fall apart/
Statement of responsibility, etc. by Chinua Achebe
260 ## - PUBLICATION, DISTRIBUTION, ETC.
Place of publication, distribution, etc. London:
Name of publisher, distributor, etc. Penguin books,
Date of publication, distribution, etc. 2010.
300 ## - PHYSICAL DESCRIPTION
Extent 197p.
650 ## - SUBJECT ADDED ENTRY--TOPICAL TERM
Topical term or geographic name entry element English novel
942 ## - ADDED ENTRY ELEMENTS (KOHA)
Source of classification or shelving scheme Dewey Decimal Classification
Koha item type Books
Holdings
Withdrawn status Lost status Source of classification or shelving scheme Damaged status Not for loan Collection code Home library Current library Shelving location Date acquired Cost, normal purchase price Full call number Barcode Date last seen Copy number Price effective from Koha item type
    Dewey Decimal Classification     English Central Library, Naharkatiya College Central Library, Naharkatiya College General Stacks 06/06/2022 399.00 823 ACH 28991 10/07/2024 1 06/06/2022 Books
    Dewey Decimal Classification     English Central Library, Naharkatiya College Central Library, Naharkatiya College General Stacks 06/06/2022 399.00 823 ACH 28992 06/06/2022 2 06/06/2022 Books

Naharkatiya College © 2020. All rights reserved.

Powered By